000 00788nam a2200205 a 4500
001 BRCA_487
005 20190320203031.0
008 121005s1995----us-a---###---#000-0#eng-#
050 4 _aNK4320.G4
_b.V27 1995
100 1 _aVan Drecht, Edwin
_91682
245 1 0 _athe Edwin van Drecht Collection
_bdutch majolica & delftware
_cEdwin Van Drecht.
260 _aÁmsterdam
_bAsachi Shimbum
_c1995
300 _a159 p.
_bil.
_c29 cm.
500 _aCatálogo de la exposición realizada en el Nezu Institute of Fine Arts (Tokio), 20 mayo - 25 junio 1995
504 _aBibliografía: p. 159
546 _aTexto en : inglés y japonés
650 1 4 _aMayólica holandesa
_vCatálogos
_xColeccionistas y colecciones
_91683
650 1 4 _aCerámica esmaltada
_zDelft (Países Bajos)
_91684
942 _2lcc
_cB
999 _c421
_d421